Bản CV hoàn hảo Kĩ năng soạn hồ sơ ứng tuyển ấn tượng nhất

সংরক্ষণ করুন:
গ্রন্থ-পঞ্জীর বিবরন
প্রধান লেখক: Alpha books (Biên soạn)
বিন্যাস: গ্রন্থ
প্রকাশিত: Hà Nội Lao động 2015
বিষয়গুলি:
ট্যাগগুলো: ট্যাগ যুক্ত করুন
কোনো ট্যাগ নেই, প্রথমজন হিসাবে ট্যাগ করুন!
Thư viện lưu trữ: Trung tâm Học liệu Lê Vũ Hùng, Trường Đại học Đồng Tháp
LEADER 00978pam a22003018a 4500
001 00034676
008 161018s2015 ||||||Viesd
005 20171026081025.0
020 # # |c 45000 
041 0 # |a Vie 
082 1 4 |a 650.14  |b B105C 
100 1 # |a Alpha books  |e Biên soạn 
245 1 0 |a Bản CV hoàn hảo  |c Alpha Books  |b Kĩ năng soạn hồ sơ ứng tuyển ấn tượng nhất 
260 # # |a Hà Nội  |b Lao động  |c 2015 
300 # # |a 227tr.  |c 20 cm. 
653 # # |a Sơ yếu lí lịch 
653 # # |a Công việc 
653 # # |a Việc Làm 
653 # # |a Đơn xin việc 
852 # # |b Kho mượn  |j KM.0019236, KM.0019237, KM.0019238, KM.0019239 
852 # # |b Kho đọc  |j KD.0018584 
852 # # |j KD.0018584  |j KM.0019236  |j KM.0019237  |j KM.0019239  |j KM.0019238 
910 |d 18/10/2016 
980 # # |a Trung tâm Học liệu Lê Vũ Hùng, Trường Đại học Đồng Tháp